ঢাকা সমগ্র-০৪ / (Record no. 28804)

MARC details
000 -LEADER
fixed length control field 00710nam a22001937a 4500
003 - CONTROL NUMBER IDENTIFIER
control field BDDh-ASL
005 - DATE AND TIME OF LATEST TRANSACTION
control field 20231015030955.0
008 - FIXED-LENGTH DATA ELEMENTS--GENERAL INFORMATION
fixed length control field 220602s2006 b ||||| |||| 00| 0 b d
040 ## - CATALOGING SOURCE
Transcribing agency BDDh-ASL
082 ## - DEWEY DECIMAL CLASSIFICATION NUMBER
Classification number 954.922
Item number MAD
100 1# - MAIN ENTRY--PERSONAL NAME
9 (RLIN) 230
Personal name মামুন, মুনতাসীর
245 1# - TITLE STATEMENT
Title ঢাকা সমগ্র-০৪ /
246 ## - VARYING FORM OF TITLE
Title proper/short title Dhakasamagra-4
260 ## - PUBLICATION, DISTRIBUTION, ETC.
Place of publication, distribution, etc. ঢাকা:
Name of publisher, distributor, etc. অনন্যা,
Date of publication, distribution, etc. ২০০৬।
300 ## - PHYSICAL DESCRIPTION
Extent ৩২৮ পৃষ্ঠা:
Dimensions ২২ সে.মি.
504 ## - BIBLIOGRAPHY, ETC. NOTE
Bibliography, etc. note গ্রন্থপঞ্জি ও নির্ঘণ্ট সংযুক্ত ।
650 #0 - SUBJECT ADDED ENTRY--TOPICAL TERM
9 (RLIN) 6126
Topical term or geographic name entry element History of Dhaka (ঢাকার ইতিহাস)
942 ## - ADDED ENTRY ELEMENTS (KOHA)
Source of classification or shelving scheme Dewey Decimal Classification
Koha item type Books
Holdings
Withdrawn status Lost status Source of classification or shelving scheme Damaged status Not for loan Collection code Home library Current library Shelving location Date acquired Source of acquisition Serial Enumeration / chronology Total Checkouts Full call number Barcode Date last seen Copy number Price effective from Koha item type
    Dewey Decimal Classification     Non-fiction Asiatic Society Library Asiatic Society Library Dhaka Collection 06/02/2022 ASB Library Collection V-4   954.922 MAD 116884 06/02/2022 C-1 06/02/2022 Books
    Dewey Decimal Classification     Non-fiction Asiatic Society Library Asiatic Society Library Wakil Ahmed Collection 03/07/2023   V-4   954.922 MAD 119448 03/07/2023 C-2 03/07/2023 Books

Powered by Koha